30 Ways TO ATTAIN HAPPINESS / (Record no. 23895)

MARC details
000 -LEADER
fixed length control field 00928nam a2200277#a 4500
001 - CONTROL NUMBER
control field 02336
003 - CONTROL NUMBER IDENTIFIER
control field HDC
007 - PHYSICAL DESCRIPTION FIXED FIELD--GENERAL INFORMATION
fixed length control field ta
008 - FIXED-LENGTH DATA ELEMENTS--GENERAL INFORMATION
fixed length control field 230623s2012 xx 000 0 eng d
020 ## - INTERNATIONAL STANDARD BOOK NUMBER
International Standard Book Number 9789834462635 (pbk.)
040 ## - CATALOGING SOURCE
Original cataloging agency HDC
050 ## - LIBRARY OF CONGRESS CALL NUMBER
Classification number BP188
Item number .A54 2012
100 ## - MAIN ENTRY--PERSONAL NAME
Personal name Ash-Shaayi', Muhammad bin Abdillaah
Relator term author.
245 #0 - TITLE STATEMENT
Title 30 Ways TO ATTAIN HAPPINESS /
Statement of responsibility, etc. Muhammad bin Abillah Ash-Shaayi'; Translated by Abu Naasir Ibrahim Abdur-Rauf.
250 ## - EDITION STATEMENT
Edition statement Third Edition
264 ## - PRODUCTION, PUBLICATION, DISTRIBUTION, MANUFACTURE, AND COPYRIGHT NOTICE
Place of production, publication, distribution, manufacture Petaling Jaya, Selangor :
Name of producer, publisher, distributor, manufacturer Dakwah Corner Bookstore (M) Sdn Bhd,
Date of production, publication, distribution, manufacture, or copyright notice 2012
300 ## - PHYSICAL DESCRIPTION
Extent xiii, 91 pages :
Other physical details illustration ;
Dimensions 21 cm.
500 ## - GENERAL NOTE
General note Contains verses from the Qu'ran from in Arabic.
650 ## - SUBJECT ADDED ENTRY--TOPICAL TERM
Topical term or geographic name entry element Happiness
General subdivision Religious aspects
-- Islam
650 ## - SUBJECT ADDED ENTRY--TOPICAL TERM
Topical term or geographic name entry element Success
General subdivision Religious aspects
-- Islam
700 ## - ADDED ENTRY--PERSONAL NAME
Personal name Abdur-Rauf, Abu Naasir Ibrahim
Relator term translator
942 ## - ADDED ENTRY ELEMENTS (KOHA)
Source of classification or shelving scheme Library of Congress Classification
942 ## - ADDED ENTRY ELEMENTS (KOHA)
Koha item type Book
942 ## - ADDED ENTRY ELEMENTS (KOHA)
Call number prefix BP188
942 ## - ADDED ENTRY ELEMENTS (KOHA)
Call number suffix .A54 2012
Holdings
Withdrawn status Lost status Source of classification or shelving scheme Damaged status Not for loan Collection Home library Current library Shelving location Date acquired Total checkouts Full call number Barcode Date last seen Price effective from Koha item type
    Library of Congress Classification     Non-fiction Halal Development Corporation Library Halal Development Corporation Library Open Shelves 17/11/2020   BP188 .A54 2012 HDC0001553 24/05/2023 24/05/2023 Book
Halal Development Corporation Berhad (HDC)
5.02 Level 5, KPMG Tower, First Avenue, Persiaran Bandar Utama, 47800 Petaling Jaya, Selangor Darul Ehsan
Phone: +603 7965 5489 Email: [email protected]